<?xml version="1.0" encoding="UTF-8"?>
<collection xmlns:xsi="http://www.w3.org/2001/XMLSchema-instance" xsi:schemaLocation="http://www.loc.gov/MARC21/slim http://www.loc.gov/standards/marcxml/schema/MARC21slim.xsd" xmlns="http://www.loc.gov/MARC21/slim">
 <record>
  <leader>00000nam a22000004a 4500</leader>
  <controlfield tag="001">UP-1685675941131700526</controlfield>
  <controlfield tag="003">Buklod</controlfield>
  <controlfield tag="005">20240319152456.0</controlfield>
  <controlfield tag="006">m    |o  d |      </controlfield>
  <controlfield tag="007">ta</controlfield>
  <controlfield tag="008">240319s2023    xxu     rm   |||| u|eng d</controlfield>
  <datafield tag="040" ind1="0" ind2=" ">
   <subfield code="a">DCHE</subfield>
   <subfield code="e">rda</subfield>
  </datafield>
  <datafield tag="041" ind1=" " ind2=" ">
   <subfield code="a">eng</subfield>
  </datafield>
  <datafield tag="090" ind1=" " ind2=" ">
   <subfield code="a">LG 993.5 2023 I58</subfield>
   <subfield code="b">B33</subfield>
  </datafield>
  <datafield tag="100" ind1="1" ind2=" ">
   <subfield code="a">Babst, Crystal Nicole P.</subfield>
   <subfield code="e">author.</subfield>
  </datafield>
  <datafield tag="245" ind1="1" ind2="0">
   <subfield code="a">Perceptions of selected Filipino laypersons on the professional interior design services portrayed in social media</subfield>
   <subfield code="c">Crystal Nicole P. Babst; Adelaida V. Mayo, PhD., thesis adviser.</subfield>
  </datafield>
  <datafield tag="264" ind1=" " ind2="1">
   <subfield code="a">Quezon City</subfield>
   <subfield code="b">College of Home Economics, University of the Philippines Diliman</subfield>
   <subfield code="c">[2023]</subfield>
  </datafield>
  <datafield tag="300" ind1=" " ind2=" ">
   <subfield code="a">viii, 105 leaves</subfield>
   <subfield code="b">illustrations</subfield>
   <subfield code="c">28 cm.</subfield>
  </datafield>
  <datafield tag="336" ind1=" " ind2=" ">
   <subfield code="a">text</subfield>
   <subfield code="2">rdacontent</subfield>
  </datafield>
  <datafield tag="337" ind1=" " ind2=" ">
   <subfield code="a">unmediated</subfield>
   <subfield code="2">rdamedia</subfield>
  </datafield>
  <datafield tag="338" ind1=" " ind2=" ">
   <subfield code="a">volume</subfield>
   <subfield code="2">rdacarrier</subfield>
  </datafield>
  <datafield tag="502" ind1=" " ind2=" ">
   <subfield code="a">Thesis</subfield>
   <subfield code="b">Bachelor of Science in Interior Design</subfield>
   <subfield code="c">University of the Philippines Diliman</subfield>
   <subfield code="d">June 2023.</subfield>
  </datafield>
  <datafield tag="504" ind1=" " ind2=" ">
   <subfield code="a">Bibliography: pages 75-80.</subfield>
  </datafield>
  <datafield tag="506" ind1="0" ind2=" ">
   <subfield code="a">Thesis classification: F</subfield>
  </datafield>
  <datafield tag="520" ind1="0" ind2=" ">
   <subfield code="a">Social media increases the majority of laypeople's interest in interior design and familiarity with the benefits the industry and its services can provide. However, there are many varying opinions - both positive and negative - and misconceptions about interior design services. This study attempted to determine the perceptions of selected Filipino laypersons on the professional interior design services portrayed on social media platforms. Specifically, the common perceptions of middle-class Filipino laypersons on interior design services, how social media portrays interior design services today, and why middle-class Filipino laypeople feel that way towards the services in interior design as compared to social media portrayal. Mixed-method research that primarily used a qualitative approach but employed a quantitative approach to address a few complementary questions, which included an online survey, was utilized for data gathering. Snowball sampling was used in the selection of the thirty-one middle-class Filipino laypersons for the online survey questionnaire, which collected their perceptions on the professional interior design services portrayed on social media platforms. Through Thematic analysis, data were interpreted according to the emerging themes. Results revealed that social media significantly improved the understanding of interior design services among Filipino laypeople. The results suggest that the social media algorithm was a causal factor in how content on interior design services reached laypeople. The respondents understood that interior design could go beyond aesthetics, styling, and material choice and that it could be affordable and accessible, despite perceptions evolving in both positive and negative ways. Most respondents would hire an interior designer if they had the chance and the means to do so, but the cost is still a significant deciding factor. Considering the limitations of the study, it is recommended that future studies should involve more participants, ideally 100-200 respondents, and conduct interviews to gather more in-depth data.</subfield>
  </datafield>
  <datafield tag="650" ind1=" " ind2="0">
   <subfield code="a">Interior decoration</subfield>
   <subfield code="z">Philippines.</subfield>
  </datafield>
  <datafield tag="650" ind1=" " ind2="0">
   <subfield code="a">Social media </subfield>
   <subfield code="z">Philippines.</subfield>
  </datafield>
  <datafield tag="650" ind1=" " ind2="0">
   <subfield code="a">Professions </subfield>
   <subfield code="z">Philippines.</subfield>
  </datafield>
  <datafield tag="700" ind1="1" ind2=" ">
   <subfield code="a">Mayo, Adelaida V.</subfield>
   <subfield code="e">thesis adviser.</subfield>
  </datafield>
  <datafield tag="856" ind1=" " ind2=" ">
   <subfield code="y">Available for University of the Philippines Diliman via Digital Archives. Click here to access</subfield>
   <subfield code="u">https://digitalarchives.upd.edu.ph/item/60313/971/bdFhbBAIFc20HdDElckA8CGe</subfield>
  </datafield>
  <datafield tag="905" ind1=" " ind2=" ">
   <subfield code="a">FI</subfield>
  </datafield>
  <datafield tag="905" ind1=" " ind2=" ">
   <subfield code="a">UP</subfield>
  </datafield>
  <datafield tag="852" ind1="0" ind2=" ">
   <subfield code="a">UPD</subfield>
   <subfield code="b">DCHE</subfield>
   <subfield code="h">LG 993.5 2023 I58</subfield>
   <subfield code="i">B33</subfield>
  </datafield>
  <datafield tag="942" ind1=" " ind2=" ">
   <subfield code="a">Thesis</subfield>
  </datafield>
 </record>
</collection>
